• 首页
  • 本馆介绍
  • 公告通知
  • 最新文献
  • 馆藏检索
  • 电子资源
  • 读者导购
  • 参考咨询
  • 我的图书馆
  • 登录
  • 详细信息显示
  • 放入我的书架
  • 预约/预借图书
  • 作者相关作品
  • 分类相关作品
  • 丛书相关作品
  • 出版社相关作品

书目信息

  • 表格格式
  • 工作单格式
  • 卡片格式
题名:
植物的“驯服”
    
 
作者: 盛诚桂 , 张宇和 编著
分册:  
出版信息: 上海   上海科学技术出版社  1979
页数: 178页
开本: 19cm
丛书名: 现代自然科学普及丛书
单 册:
中图分类: S322
科图分类:
主题词: 植物-引种-驯化 , 引种-植物-驯化 , 驯化-引种-植物
电子资源:
ISBN:
000 00800nam2 2200289 45
001 0179002102
005 20060820163316.85
010    @dCNY0.42
091    @a13119.784
100    @a19950727d1979 em y0chiy0121 ea
101 0  @achi
102    @aCN@b310000
105    @ay z 000yy
200 10 @a植物的“驯服”@Azhi wu de xun fu@f盛诚桂,张宇和编著
210    @a上海@c上海科学技术出版社@d1979
215    @a178页@d19cm
225 2  @a现代自然科学普及丛书
410  0 @120010@a现代自然科学普及丛书
517 1  @a植物的驯服@Azhi wu de xun fu
606    @a植物-引种-驯化
606    @a引种-植物-驯化
606    @a驯化-引种-植物
690    @aS322@v3
701  0 @a盛诚桂@Asheng cheng gui@4编著
701  0 @a张宇和@Azhang yu he@4编著
801  0 @aCN@bTSSF@c20060820
905    @a10447@dS322@e14
    
    植物的“驯服”/盛诚桂,张宇和编著.-上海:上海科学技术出版社,1979
    178页;19cm.-(现代自然科学普及丛书)
    
    
    ISBN :CNY0.42
    
●
相关链接 在E读中查询图书 在五车中查询图书 在当当中查询图书 在豆瓣中查询图书


正题名:植物的"驯服"     索取号:S322/14         预约/预借

序号 登录号 条形码 馆藏地/架位号 状态 备注
1 0438097   204380972   密集书库/ [索取号:S322/14] 在馆    
2 0439030   204390300   密集书库/ [索取号:S322/14] 在馆    
3 0439251   204392512   密集书库/ [索取号:S322/14] 在馆    
4 0439252   204392521   密集书库/ [索取号:S322/14] 在馆    
5 0471712   204717128   密集书库/ [索取号:S322/14] 在馆    
唐山师范学院图书馆 欢迎您!
大连网信软件有限公司© 版权所有